Kształtowanie się zainteresowań sportowych wśród studentów przyjętych do Wyższej Szkoły Inżynierskiej w Koszalinie w roku akademickim 1977/78 / (Rekord nr 5169)
| 000 -ETYKIETA REKORDU | |
|---|---|
| podpole kontrolne o stałej długości | 01454nab a2200229 i 4500 |
| 001 - NUMER KONTROLNY REKORDU | |
| podpole kontrolne | BPP |
| 003 - IDENTYFIKATOR NUMERU KONTROLNEGO REKORDU | |
| podpole kontrolne | BPK |
| 005 - DATA OSTATNIEJ MODYFIKACJI REKORDU | |
| podpole kontrolne | 20160120130907.0 |
| 008 - POLE O STAŁEJ DŁUGOŚCI - DANE KONTROLNE | |
| podpole kontrolne o stałej długości | 160119s1979 pl | | |100 ||pol |
| 040 ## - ŹRÓDŁO KATALOGOWANIA | |
| Instytucja, która utworzyła rekord | BPK |
| 080 ## - UNIWERSALNA KLASYFIKACJA DZIESIĘTNA - UKD | |
| UKD | 796.012 |
| 100 ## - NAZWA OSOBOWA | |
| Nazwa osobowa | DUBROWSKI, Edward. |
| Lata pracy | 1974 - 1985. |
| Instytucja | Wyższa Szkoła Inżynierska w Koszalinie - Studium Wychowania Fizycznego i Sportu |
| Wydział | . |
| 245 ## - TYTUŁ/ODPOWIEDZIALNOŚĆ | |
| Tytuł | Kształtowanie się zainteresowań sportowych wśród studentów przyjętych do Wyższej Szkoły Inżynierskiej w Koszalinie w roku akademickim 1977/78 / |
| Pozostałe elementy strefy tytułu i oznaczenia odpowiedzialności | Edward Dubrowski. |
| 260 ## - STREFA ADRESU WYDAWNICZEGO | |
| Data publikacji, dystrybucji/powstania dokumentu | 1979. |
| 500 ## - UWAGI OGÓLNE | |
| Tekst uwagi | Dane z autopsji. |
| 520 ## - UWAGA DOTYCZĄCA TREŚCI DOKUMENTU | |
| Analiza dokumentacyjna, adnotacja itp. | W niniejszym opracowaniu zawarto próbę oceny zainteresowań kulturą fizyczną młodzieży rozpoczynającej studia w WSInż. Zankietowano 436 osób wstępujących na studia w roku akademickim 1977/78. W wyniku przeprowadzonych analiz stwierdzono, że zainteresowanie sportem wśród młodzieży jest małe, różniące się w zależności od płci oraz typu i miejsca ukończenia szkoły średniej. |
| 650 #0 - HASŁO PRZEDMIOTOWE W FORMIE NAZWY OGÓLNEJ LUB JEDNOSTKOWEJ | |
| Nazwa ogólna lub geograficzna | Studenci - kultura fizyczna. |
| 655 #0 - TERMIN INDEKSOWY - OKREŚLENIE RODZAJU/FORMY DOKUMENTU | |
| Określnie rodzaju/formy dokumentu | Materiały konferencyjne. |
| 773 ## - TYTUŁ DOKUMENTU MACIERZYSTEGO | |
| Wyrażenie wprowadzające | W : |
| Tytuł | Zeszyty Naukowe Wyższej Szkoły Inżynierskiej w Koszalinie. Prace Studiów Wychowania Fizycznego i Sportu Uczelni Technicznych. - |
| Informacje dotyczące relacji | 1979, nr 6, s. 203-207 |
| 711 ## - HASŁO DODATKOWE - NAZWA IMPREZY | |
| Nazwa imprezy | Seminarium : Przyrodnicze podstawy wychowania fizycznego i sportu uczelni technicznych |
| Oznaczenie części/sekcji dzieła | (6 ; |
| Data imprezy | 1979 ; |
| Miejsce imprezy | Koszalin, Polska). |
| 942 ## - HASŁO DODATKOWE - ELEMENTY(KOHA) | |
| Typ dokumentu | Artykuł |
| Schemat klasyfikacji | Uniwersalna klasyfikacja dziesiętna |
| Wycofany | Zagubiony | Uszkodzony | Dostępność | Lokalizacja stała | Lokalizacja bieżąca | Sygnatura | Typ dokumentu |
|---|---|---|---|---|---|---|---|
| Dostępny | Bibliografia Prac Pracowników - BPK | Bibliografia Prac Pracowników - BPK | 0153 | Artykuł |
